| 000 | 00555nam a22001937a 4500 | ||
|---|---|---|---|
| 003 | OSt | ||
| 005 | 20140310183106.0 | ||
| 008 | 130305t xxu||||| |||| 00| 0 eng d | ||
| 020 | _a1845372468 | ||
| 050 |
_aDS 660.3 _b.H53 2005 |
||
| 082 |
_aDS 660.3 _bH53 2005 |
||
| 100 | _aHicks, Nigel. | ||
| 245 |
_aThis is the Philippines : _btexts and photographs by Nigel Hicks / _cNigel Hicks |
||
| 260 |
_aLondon: _bNew Holland, _c2005. |
||
| 300 |
_a176 p. : _c28 cm. |
||
| 650 |
_aPhilippines _xTravel description. |
||
| 942 |
_2lcc _cBK _kLOC |
||
| 999 |
_c18782 _d18782 |
||